000 00613nam a2200217Ia 4500
005 20260429111926.0
008 260429s9999||||xx |||||||||||||| ||und||
020 _a9789360802493
041 _aEnglish
082 _a294.5
_bKEU
100 _aKeul, Istvan
245 0 _aConsecration rituals in south Asia /
_cIstvan Keul
250 _a1st ed.
260 _aNew Delhi :
_bManohar Publishers and Distributors,
_c2024.
300 _aix, 395 p.; hb
650 _a Anthropology of religion
650 _a Religious ceremonies
650 _a South Asian religions
650 _aRitual studies
942 _cTB
999 _c51463
_d51463